00561 2200181 4500001002100000005001500021008004100036020001700077035001900094041000800113082001700121084002100138100002700159245009500186260005400281300002700335650001700362INLIS00000000000836720200508204345200508||||||||| | ||| |||| ||ind|| a000000002008 0010-0520008367 aind0 aReg. 297.273 aReg. 297.273/UND0 aDepartemen Keuangan RI00aUndang-Undang Republik Indonesia Nomor 19 Tahun 2008 tentang Surat Berharga Syariah Negara aJakartabDepartemen Pendidikan & Kebudayaanc2008 a33 hlm. ; 15 cmc15 cm 0aStocks-Islam